Statistics for Largest Landlocked Countries by Population and Area

Click here to take the quiz!

General Stats

  • This quiz has been taken 464 times
    (316 since last reset)
  • The average score is 11 of 15

Answer Stats

Area (km²) Population Country % Correct
2,724,90016,372,000Kazakhstan
92%
1,566,500-Mongolia
91%
1,284,000-Chad
83%
1,098,581-Bolivia
83%
1,267,00015,306,252Niger
82%
1,104,300101,853,268Ethiopia
75%
1,240,19214,517,176Mali
75%
-32,606,007Uzbekistan
73%
652,23033,369,945Afghanistan
71%
622,984-Central African Republic
69%
-26,494,504Nepal
64%
752,612-Zambia
64%
-40,322,768Uganda
55%
-15,746,232Burkina Faso
44%
-15,028,757Malawi
33%

Score Distribution

Percentile by Number Answered

Percent of People with Each Score

Your Score History

You have not taken this quiz since the last reset